Statistics for Modern Family cast

Click here to take the quiz!

General Stats

  • This quiz has been taken 87 times
  • The average score is 9 of 13

Answer Stats

HintAnswer% Correct
hayleysarah hyland
90%
gloriasofia vergara
88%
alexariel winter
86%
philty burrell
86%
clairejulie bowen
83%
lukenolan gould
79%
cameroneric stonestreet
77%
mitchelljesse tyler-ferguson
76%
mannyrico rodriguez
73%
jayed o'neill
63%
lilyaubrey anderson-emmons
58%
dylanreid ewing
38%
dedeshelley long
28%

Score Distribution

Percentile by Number Answered

Percent of People with Each Score

Your Score History

You have not taken this quiz